Normal view MARC view

Entry Topical Term

Number of records used in: 1

001 - CONTROL NUMBER

  • control field: 10684

003 - CONTROL NUMBER IDENTIFIER

  • control field: HDC

005 - DATE AND TIME OF LATEST TRANSACTION

  • control field: 20230624073334.0

008 - FIXED-LENGTH DATA ELEMENTS

  • fixed length control field: 210204|| aca||aabn | a|a d

040 ## - CATALOGING SOURCE

  • Original cataloging agency: HDC
  • Transcribing agency: HDC

150 ## - HEADING--TOPICAL TERM

  • Topical term or geographic name entry element: Brahim’s Airline Catering

670 ## - SOURCE DATA FOUND

  • Source citation: Work cat.: (HDC): Poo, Cheryl author 10682, Brahim’s confident will not lose contract in Malaysia Airlines revamp / by, [no year]
Halal Development Corporation Berhad (HDC)
5.02 Level 5, KPMG Tower, First Avenue, Persiaran Bandar Utama, 47800 Petaling Jaya, Selangor Darul Ehsan
Phone: +603 7965 5489 Email: [email protected]